00536nam a2200157Ia 4500008004100000020001400041040001900055041001200074082002500086100002100111245010200132260006200234300001900296504004100315650002200356131103s9999 xx 000 0 und d a226322998 aLoreto College aEnglish a954/HEEbLCLIB/42729 aHeesterman, J.C. 4aThe Inner conflict of traditionb Essays in Indian Ritual, Kingship and Society cJ.C. Heesterman aChicago and LondonbThe University of Chicago Pressc1985 ax,255p, 23 cm. abibliographical references and index aIndia - History